000 00303nam a22001337a 4500
008 210301b ||||| |||| 00| 0 eng d
020 _a9780123567628
041 _aeng
080 _a343.9
100 _a13
101 _aKRI
245 _aFundamentals of Forensic Science
_cHouck,M.M
942 _2udc
_cBK
999 _c55373
_d55373